| 000 | 00452nam a2200145 a 4500 | ||
|---|---|---|---|
| 001 | 000044665 | ||
| 005 | 20201002045534.0 | ||
| 008 | 141215s2013 dr 000 0 spa d | ||
| 020 | _a9789945883282 | ||
| 040 |
_aDO-SdBNP _bspa _cBNPHU |
||
| 110 | 1 |
_aRepública Dominicana _bPoder Judicial _915992 |
|
| 245 | 1 | 0 |
_aMotivos de Aplazamientos. : _bcámaras civiles y comerciales. |
| 260 |
_aSanto Domingo : _bPoder Judicial, _c2013. |
||
| 300 |
_a31 p. ; _c24 cm. |
||
| 999 |
_c44154 _d44154 |
||